Khảo sát tính bền vững sinh thái của các mô hình canh tác tại huyện Vũng Liêm : Luận văn tốt nghiệp cao học. Ngành sinh thái học

Nội dung nhằm phân tích, đánh giá tính bền vững sinh thái của các mô hình canh tác của nông hộ tại huyện Vũng Liêm, tỉnh Vĩnh Long. Đề xuất mô hình canh tác phù hợp có hiệu quả theo hướng bền vững sinh thái cho huyện Vũng Liêm, tỉnh Vĩnh Long...

Volledige beschrijving

Bewaard in:
Bibliografische gegevens
Hoofdauteur: Lê, Đặng Ngọc Ẩn
Formaat: Boek
Taal:Undetermined
Gepubliceerd in: Cần Thơ Đại Học Cần Thơ 2014
Onderwerpen:
Tags: Voeg label toe
Geen labels, Wees de eerste die dit record labelt!
Thư viện lưu trữ: Trung tâm Học liệu Trường Đại học Cần Thơ
LEADER 01210nam a2200229Ia 4500
001 CTU_188924
008 210402s9999 xx 000 0 und d
082 |a 631.4 
082 |b Â121 
088 |a 60420120 
100 |a Lê, Đặng Ngọc Ẩn 
245 0 |a Khảo sát tính bền vững sinh thái của các mô hình canh tác tại huyện Vũng Liêm : 
245 0 |b Luận văn tốt nghiệp cao học. Ngành sinh thái học 
245 0 |c Lê Đặng Ngọc Ẩn; Lê Thanh Phong (Người hướng dẫn) 
260 |a Cần Thơ 
260 |b Đại Học Cần Thơ 
260 |c 2014 
520 |a Nội dung nhằm phân tích, đánh giá tính bền vững sinh thái của các mô hình canh tác của nông hộ tại huyện Vũng Liêm, tỉnh Vĩnh Long. Đề xuất mô hình canh tác phù hợp có hiệu quả theo hướng bền vững sinh thái cho huyện Vũng Liêm, tỉnh Vĩnh Long 
650 |a Sinh thái bên vững 
650 |x Mô hinh canh tác 
904 |i Qhieu, Diễm Hương 
980 |a Trung tâm Học liệu Trường Đại học Cần Thơ